| 000 | 00606nam a2200205Ia 4500 | ||
|---|---|---|---|
| 003 | OSt | ||
| 005 | 20240515120833.0 | ||
| 008 | 210210b1970 xxu||||| |||| 00| 0 eng d | ||
| 040 | _cAL | ||
| 041 | _aHindi | ||
| 082 | _aH891.4 NART | ||
| 100 |
_aNARASIMHACHARYA (Mu). _dनरसिम्हाचार्य (मू ) _9164619 |
||
| 245 |
_aAndhra samskrati. _bआन्ध्र संस्कृति |
||
| 260 |
_aMadras _bDakshin Bharat Hindi Pracha Sabha _c1970 |
||
| 300 | _a155 | ||
| 650 |
_aAndr Samskrati _9164620 |
||
| 690 |
_aHindi Prose _9164621 |
||
| 906 | _a029272 | ||
| 942 |
_2ddc _cBK |
||
| 999 |
_c80493 _d80493 |
||